000 00998nam a2200253Ia 4500
008 240610s9999||||xx |||||||||||||| ||und||
020 _a978-99929-4-296-7
035 _a8482
040 _aHUV0167120
_bmon
_cMN-UlNLM
_dMN-UlNLM
_erda
041 _amon
042 _a81172
084 _2NNA
_a84.8(4Ита)
_bК.607
100 _aКоллоди К.
245 0 _aПиноккио
264 _aУлаанбаатар
_bСоёмбо паблишинг
_c2009
300 _a204х.
336 _2rdacontent
_atext
_btxt
337 _2rdamedia
_aunmediated
_bn
338 _2rdacarrier
_avolume
_bnc
490 _aСонгодог зохиолын цуврал
650 _aДуулгаваргүй, дүрсгүй модон хүүхэлдэй жинхэнэ хүүхэд болохыг ихэд мөрөөднө. Гэвч тэр жинхэнэ хүүхэд болохын тулд хүмүүжилтэй, аж...
942 _2NNA
_cBK
999 _c868342
_d868399